| 000 | 00790nam a22002177a 4500 | ||
|---|---|---|---|
| 001 | 76449 | ||
| 003 | BD-RjUL | ||
| 005 | 20211209082838.0 | ||
| 008 | 191205s2007 bg ||||| |||| 00| 0 ben d | ||
| 020 | _a9789844105553 | ||
| 035 | _a(BD-RjUL)76670 | ||
| 040 |
_aBD-RjUL _beng _cBD-RjUL |
||
| 041 | _aeng | ||
| 082 |
_223 _a320.95492 _bYUJ 2007 |
||
| 100 |
_aইউনুস, মুহাম্মদ _9236067 _4নোবেল জয়ী |
||
| 245 |
_aযোগ্য প্রার্থী আন্দোলন / _cমুহাম্মদ ইউনুস |
||
| 260 |
_aঢাকা : _b মাওলা ব্রাদার্স, _c২০০৭ |
||
| 300 |
_a১৫৯ পৃ. ; _c২২ সেমি. |
||
| 651 |
_aBangladesh _xPolitics and government. _9236068 |
||
| 942 |
_2ddc _cBK |
||
| 999 |
_c76449 _d76449 |
||